000 00539nam a2200181Ia 4500
008 151202s9999||||xx |||||||||||||| ||und||
082 _bPNVM-59268
100 _aशिरवळकर सुहास.
245 _aथरारक.
260 _b"शशीदीप प्रकाशन,पुणे."
260 _c59268
300 _a252
600 _aशिरवळकर सुहास.
630 _aथरारक.
700 _aशिरवळकर सुहास.
730 _aथरारक.
942 _cBOOK
999 _c1325802
_d1325799